| 000 | 00834cam a2200181 4500500 | ||
|---|---|---|---|
| 005 | 20251012005435.0 | ||
| 041 | _afre | ||
| 042 | _adc | ||
| 100 | 1 | 0 |
_aCalas-Leroux, Viviane _eauthor |
| 700 | 1 | 0 |
_a Abdelhak, Mohand Ameziane _eauthor |
| 700 | 1 | 0 |
_a Moro, Marie Rose _eauthor |
| 245 | 0 | 0 | _aConflictos existenciales |
| 260 | _c2025. | ||
| 500 | _a78 | ||
| 520 | _aTanto Putin como Netanyahu pretenden conquistar territorios y aniquilar a las poblaciones que viven en ellos, desafiando el derecho internacional. A cualquiera que le preocupe el destino de los palestinos, también debería preocuparle el de Ucrania, y viceversa. Y lo mismo debería hacer Europa. | ||
| 786 | 0 | _nEsprit | Mai | 5 | 2025-04-29 | p. 5-7 | 0014-0759 | |
| 856 | 4 | 1 | _uhttps://shs.cairn.info/revista-esprit-2025-5-page-5?lang=es&redirect-ssocas=7080 |
| 999 |
_c1517043 _d1517043 |
||